| 000 | 01405nam a2200337 c 4500 | ||
|---|---|---|---|
| 003 | BLK | ||
| 005 | 20180420222605.0 | ||
| 008 | 180408b bul|||||r ||||||| ||bul|| | ||
| 010 | _aKNG00060402000 | ||
| 040 | _aBLK | ||
| 041 |
_aBUL _cBUL |
||
| 080 |
_aОнтологически материализъм _b141.12 _x _z141.12 |
||
| 080 |
_aАнтропогенезис. Произход на човека. Вж и 575.8 _b572.1/.4 _x _z572.1/.4 |
||
| 100 | 1 |
_aВасилев, Николай Кирилов _eпърви автор _9257087 |
|
| 139 |
_aВасилев, Николай Кирилов _bВ 24 |
||
| 245 | 1 | 0 |
_aИдеи за произхода на човека _bИзследване _cНиколай Кирилов Василев. |
| 257 | _aBGR | ||
| 260 |
_аСофия _bУнив. изд. Св. Климент Охридски _c1990 _fВ. Търново : Д. Найденов |
||
| 300 |
_a279 с. _c25 см |
||
| 380 | _a1 | ||
| 500 | _aБиблиогр. с. 260-627. - Именен показалец. | ||
| 650 | 4 |
_aЧовек - произход и еволюция _9251506 |
|
| 650 | 4 |
_aЧовек - философски проблеми _9243384 |
|
| 653 | _aчовек | ||
| 653 | _aеволюция | ||
| 852 | _aЦб 164061 | ||
| 856 | 4 |
_qpdf _u |
|
| 856 | 4 |
_qpdf _u |
|
| 942 |
_cKNG _n0 |
||
| 944 |
_aCR _c13.06.2004 _kДиана_Димитрова |
||
| 944 |
_aED _c26.09.2017 _kСевдалина_Василева |
||
| 999 |
_c56421 _d56421 |
||